000 00748nam a22002417a 4500
999 _c8662
_d8662
001 22817
003 BD-DhUAP
005 20250730200515.0
008 250730b20202025 a|||| |||| 001 0 eng d
020 _a9789389552430
040 _aBD-DhUAP
_beng
_cBD-DhUAP
_dBD-DhUAP
082 _223
_a658.8342 SOL
100 _aSolomon, Michael R.
245 _aConsumer behavior :
_bBuying, Having, and Being /
_cMichael R.Solomon & Tapan Kumar Panda .
250 _a13th ed.
260 _aIndia :
_bPearson,
_c2025.
300 _axix,716 pages :
_billustrations ;
_c26 cm.
504 _aIncludes bibliographical references and index.
650 _aConsumer behavior.
700 _aSolomon, Michael R.
700 _aPanda , Tapan Kumar.
942 _2ddc
_cBK